000 00479nam a22001817a 4500
003 NUST - PNEC
005 20170116180906.0
008 150902b xxu||||| |||| 00| 0 eng d
020 _a0-582-30508 X
040 _cLIBRARY
082 _a620.1 MOR
100 _96633
_aMorrison, J.L.M.
245 _aAn Introduction to the Mechanics of Machines
_cJ. L. M. Morrison
250 _a2nd ed.
260 _cc. 1970
650 _96638
_aMechanical Engineering
_xME
942 _2ddc
_cBK
999 _c65089
_d65089